000 01463nam a2200361Ia 4500
001 ebr10346302
003 CaPaEBR
006 m u
007 cr cn|||||||||
008 080923s2009 mau sb 001 0 eng d
010 _z 2008041638
020 _z9781405187312 (hardcover : alk. paper)
020 _z9781405187305 (pbk. : alk. paper)
040 _aCaPaEBR
_cCaPaEBR
035 _a(OCoLC)646851901
050 1 4 _aK1519.B54
_bK64 2009eb
082 0 4 _a346.04/86
_222
100 1 _aKoepsell, David R.
_q(David Richard)
245 1 0 _aWho owns you?
_h[electronic resource] :
_bthe corporate gold-rush to patent your genes /
_cDavid Koepsell.
260 _aMalden, MA ;
_aChichester, West Sussex :
_bWiley-Blackwell,
_c2009.
300 _a187 p.
490 1 _aBlackwell public philosophy
504 _aIncludes bibliographical references and index.
533 _aElectronic reproduction.
_bPalo Alto, Calif. :
_cebrary,
_d2011.
_nAvailable via World Wide Web.
_nAccess may be limited to ebrary affiliated libraries.
650 0 _aGenes
_vPatents.
650 0 _aHuman genetics
_xLaw and legislation.
650 0 _aIntellectual property
_xMoral and ethical aspects.
650 0 _aPersonality (Law)
655 7 _aElectronic books.
_2local
710 2 _aebrary, Inc.
830 0 _aBlackwell public philosophy.
856 4 0 _uhttp://site.ebrary.com/lib/rucke/Doc?id=10346302
_zAn electronic book accessible through the World Wide Web; click to view
999 _c48329
_d48329